Countries where Harry Styles has had concerts - Statistics

General Stats
  • This quiz has been taken 46 times
  • The average score is 28 of 33
Answer Stats
Hint Answer % Correct
6 France
98%
5 Spain
98%
148 USA
98%
5 Canada
95%
16 Germany
95%
3 Ireland
95%
7 Italy
95%
43 UK
95%
7 Brazil
93%
7 Mexico
93%
3 Argentina
90%
13 Australia
90%
7 Japan
88%
2 New Zealand
88%
3 Belgium
85%
1 China
85%
6 Netherlands
85%
2 Poland
85%
3 Sweden
85%
2 Austria
83%
2 Portugal
83%
3 Denmark
80%
2 Norway
80%
1 South Korea
80%
1 Colombia
78%
1 Switzerland
78%
1 Peru
76%
2 Chile
71%
1 Czechia
71%
2 Philippines
66%
1 Hungary
63%
3 Singapore
63%
2 Thailand
63%
No matching quizzes found
Score Distribution
Percent of People with Each Score
Percentile by Number Answered
Your Score History
You have not taken this quiz